Music trivia: Easy General Music - Statistics

General Stats
  • This quiz has been taken 71 times
  • The average score is 12 of 14
Answer Stats
Hint Answer % Correct
Who sang; Man in the Mirror, Ben, Got to Be There, Ease on Down the Road, Beat It, Rock With You, Billie Jean, The Way You Make Me Feel, Human Nature, Thriller, Bad, and Rockin' Robin? Michael Jackson
98%
What instrument was played by Jimi Hendrix, Johnny Cash, Andres Segovia, Evis Presley, Django Reinhardt, and Chuck Berry? Guitar
95%
What is/are the instrument(s) played by Ringo Starr, Buddy Rich, Neil Peart, Tommy Lee, Questlove, Keith Moon, and John Bonham? Drums
94%
Who sang the hit songs; Shake It Off, Love Story, Tim McGraw, and Cruel Summer? Taylor Swift
94%
What is the style or genre of music performed by Hank Williams Sr., Johnny Cash, Dolly Parton and Patsy Cline? Country
92%
What band made the albums; Abbey Road, A Hard Day's Night, and Sergeant Pepper's Lonely Hearts Club Band? The Beatles
92%
What instrument was/is played by Alicia Keys, Liberace, Jerry Lee Lewis, Fats Domino, Van Cliburn, and Little Richard? Piano
89%
Who sang; Heartbreak Hotel, Suspicious Minds, Teddy Bear, and Hound Dog? Elvis Presley
88%
What type or genre of music do the following artists have in common? Duke Ellington, Louis Armstrong, Miles Davis, Ella Fitzgerald, and Wynton Marsalis Jazz
88%
Who is the composer of the Moonlight Sonata, nine symphonies and Fur Elise? He continued to compose even as he continued to lose his ability to hear. Ludwig van Beethoven
88%
What is the name for the group or type of instruments that includes trumpets, trombones and tubas? Brass
80%
What genre of music is shared by these performers? Luciano Pavarotti, Maria Callas, Bryn Terfel, Dawn Upshaw, Andrea Bocelli, Joan Sutherland, Sumi Jo, Enrico Caruso, Renee Fleming, & Mario Lanza Opera
77%
What is the name of the Broadway and movie musical that is a retelling of Romeo and Juliet set amongst New York Street gangs of the 1950s? West Side Story
73%
Gloria Gaynor, K.C. and the Sunshine Band, Donna Summer, and the Village People are musical acts in what genre or style of music? Disco
64%
No matching quizzes found
Score Distribution
Percent of People with Each Score
Percentile by Number Answered
Your Score History
You have not taken this quiz